00251nam a2200097Ia 4500008004100000100001500041245005100056260003000107300000800137650000800145191201s2009 xx 000 0 und d aJHAM, Vimi 0aSales & Distribution Management MBA MM-6 SEM-3 aN. DelhibVikas Pubc2009 a294 aMBA